header

U.S. immigration (Record no. 98050)

MARC details
000 -LEADER
fixed length control field 01212nam a22003254a 4500
082 04 - DEWEY DECIMAL CLASSIFICATION NUMBER
Classification number 342.7308/2
100 1# - MAIN ENTRY--AUTHOR NAME
Personal name Gania, Edwin T.
245 10 - TITLE STATEMENT
Title U.S. immigration
250 ## - EDITION STATEMENT
Edition statement 2nd ed.
260 ## - PUBLICATION, DISTRIBUTION, ETC. (IMPRINT)
Place of publication Naperville, Ill. :
Name of publisher Sphinx Pub.,
Year of publication 2004.
300 ## - PHYSICAL DESCRIPTION
Number of Pages xvi, 313 p. :
Other physical details forms.
500 ## - GENERAL NOTE
General note Includes index.
650 #0 - SUBJECT ADDED ENTRY--TOPICAL TERM
Topical Term Emigration and immigration law
Topical Term Emigration and immigration.
856 40 - ELECTRONIC LOCATION AND ACCESS
Uniform Resource Identifier http://site.ebrary.com/lib/rucke/Doc?id=10096072

No items available.

© 2026 Rongo University
Contact us: librarian | system librarian | Rongo university